Au Mexique 1862 (Record no. 3517)

MARC details
000 -CABECERA
campo de control de longitud fija 00791nam a2200241 a 4500
001 - NÚMERO DE CONTROL
campo de control BRCA_3788
005 - FECHA Y HORA DE LA ÚLTIMA TRANSACCIÓN
campo de control 20190320204426.0
008 - DATOS DE LONGITUD FIJA--INFORMACIÓN GENERAL
campo de control de longitud fija 141109s1887----fr-a---###---#000-0#fre-#
041 ## - CÓDIGO DE LENGUA
Código de lengua del texto/banda sonora o título independiente fre
044 ## - CÓDIGO DEL PAÍS DE LA ENTIDAD EDITORA/PRODUCTORA
Código MARC del país fr
050 #4 - SIGNATURA TOPOGRÁFICA DE LA BIBLIOTECA DEL CONGRESO
Número de clasificación F1233
Número de documento/Ítem .B58 1887
100 1# - ENTRADA PRINCIPAL--NOMBRE DE PERSONA
Nombre de persona Bibesco, Georges, Prince.
9 (RLIN) 9869
245 10 - MENCIÓN DE TÍTULO
Título Au Mexique 1862
Resto del título combats et retraite des six mille
Mención de responsabilidad, etc. par le Prince Georges Bibesco ; dessins de P. Jazet.
260 ## - PUBLICACIÓN, DISTRIBUCIÓN, ETC.
Lugar de publicación, distribución, etc. París
Nombre del editor, distribuidor, etc. E. Plon, Nourrit
Fecha de publicación, distribución, etc. 1887
300 ## - DESCRIPCIÓN FÍSICA
Extensión 278 p.
Otras características físicas il. , 23 láminas, 4 mapas ;
Dimensiones 21cm.
500 ## - NOTA GENERAL
Nota general Incluye tabla alfabética, tabla de materias y apéndice.
500 ## - NOTA GENERAL
Nota general B147
651 #4 - PUNTO DE ACCESO ADICIONAL DE MATERIA--NOMBRE GEOGRÁFICO
Nombre geográfico México
Subdivisión de forma Historia
Subdivisión general Intervención francesa,
Subdivisión cronológica 1861-1867.
9 (RLIN) 9870
651 #4 - PUNTO DE ACCESO ADICIONAL DE MATERIA--NOMBRE GEOGRÁFICO
Nombre geográfico Puebla
Subdivisión de forma Historia.
9 (RLIN) 9871
700 1# - PUNTO DE ACCESO ADICIONAL--NOMBRE DE PERSONA
Nombre de persona Jazet, P
9 (RLIN) 9872
902 ## - CATALOGADOR
Iniciales GFM
942 ## - ELEMENTOS DE PUNTO DE ACCESO ADICIONAL (KOHA)
Fuente del sistema de clasificación o colocación Library of Congress Classification
Tipo de ítem Koha Libros
Holdings
Estado de retiro Estado de pérdida Estado dañado No para préstamo Localización permanente Ubicación/localización actual Fecha de adquisición Número de inventario Total de préstamos Signatura topográfica completa Código de barras Fecha visto por última vez Precio válido a partir de Tipo de ítem Koha
El ejemplar forma parte de la colección y puede ser consultado según las políticas vigentes.       Biblioteca del Museo Franz Mayer (Rogerio Casas-Alatriste) Biblioteca del Museo Franz Mayer (Rogerio Casas-Alatriste) 14/11/2009 B147   F1233 .B58 1887 (B147) 3785 22/03/2019 22/03/2019 Libros